000 00748nas a2200229 4500
001 BR8204401
003 BR-BrBNA
005 20231205085218.0
007 ta
008 230509b bl.|||p| |||| 00| 00por d
040 _aBR-BrBNA
_bpor
_cBiblioteca Nacional de Agricultura
041 _a(Pt)
072 _aF30
110 1 _aInstituto de Pesquisas Agronomicas, Porto Alegre, RS (Brasil)
_96134
245 1 _aNova cultivar de soja IPAGRO-20 [Glycine max, Instituto de Pesquisas Agronomicas, Brasil]
650 _aVARIEDADE
650 _aSOJA
650 _aRIO GRANDE DO SUL
773 0 _tIPAGRO Informa (Brazil)
_xISSN 0100-3410
_g(Oct 1982), (no. 25) p. 125-126
_wBR8204401
909 _a202311
_bLúcia
_c55
_dLúcia Elande
942 _2AGRIS
_n0
_cANA
999 _c110019
_d110019